| 000 | 00646nam a2200205Ia 4500 | ||
|---|---|---|---|
| 005 | 20250507130344.0 | ||
| 008 | 008 250505s9999 xx 000 0 chi d | ||
| 020 | _a9789574440603 | ||
| 037 | _aAnnuals, Advances | ||
| 040 |
_aEASL _beng _cEASL |
||
| 041 |
_achi _2eng |
||
| 084 |
_aO4295,4NCH, 41P3 _qEASL |
||
| 100 |
_aChen Fang Ming Au. _9665216 |
||
| 245 | 0 | _aXin shi ji sanwen jia 9 : Chen Fang Ming Jing Xuan Ji | |
| 260 |
_aChina _bTaibei Jiu ge chu ban she you xian gongsi Taiwan _c2003 |
||
| 300 | _a316p. | ||
| 650 |
_aCL _9642733 |
||
| 942 |
_cTEXL _hO4295,4NCH, 41P3 |
||
| 999 |
_c1319191 _d1319191 |
||